No serás un extraño / (Record no. 129546)

MARC details
000 -LEADER
campo de control de longitud fija 00531nam a2200181 i 4500
001 - NÚMERO DE CONTROL
campo de control 129546
003 - IDENTIFICADOR DE NÚMERO DE CONTROL
campo de control ES-MaACL
005 - FECHA Y HORA DE LA ÚLTIMA TRANSACCIÓN
campo de control 20230906193525.0
007 - CAMPO FIJO DE DESCRIPCIÓN FÍSICA--INFORMACIÓN GENERAL
campo de control de longitud fija t|
008 - DATOS DE LONGITUD FIJA--INFORMACIÓN GENERAL
campo de control de longitud fija 070626s1956 sp ||||1| spa d
080 ## - NÚMERO DE LA CLASIFICACIÓN DECIMAL UNIVERSAL
Número de la Clasificación Decimal Universal 82-311.2"19"
100 1# - ENTRADA PRINCIPAL--NOMBRE DE PERSONA
Nombre de persona Thompson, Morton.
9 (RLIN) 110098
245 10 - MENCIÓN DEL TÍTULO
Título No serás un extraño /
Mención de responsabilidad, etc. por Morton Thompson ; [traducción de Baldomero Porta].
260 ## - PUBLICACIÓN, DISTRIBUCIÓN, ETC.
Lugar de publicación, distribución, etc. Barcelona :
Nombre del editor, distribuidor, etc. Bruguera,
Fecha de publicación, distribución, etc. [1956]
300 ## - DESCRIPCIÓN FÍSICA
Extensión 844 p. ;
Dimensiones 22 cm.
700 1# - ENTRADA AGREGADA--NOMBRE PERSONAL
Nombre de persona Porta, Baldomero.
9 (RLIN) 93173
852 ## - LOCALIZACIÓN
Ubicación ES-MaACL
Número de control de estantería C-10299
Sublocalización o colección R.38164
Holdings
Estatus retirado Estado de pérdida Estado de daño No para préstamo Biblioteca de origen Biblioteca actual Ubicación en estantería Fecha de adquisición Fuente de adquisición Total de préstamos Signatura topográfica completa Código de barras Visto por última vez Precio de reemplazo Tipo de ítem Koha
        Biblioteca del Ateneo de Madrid Biblioteca del Ateneo de Madrid Sala Palomar 17/01/2008     C-10299 1134900 23/02/2023 23/02/2023 Libro impreso